[Event "Medellin Flores op 30th"]
[Site "Medellin"]
[Date "2023.08.07"]
[Round "8"]
[White "Gomez, Jhon D"]
[Black "Cano, Luis Fernando"]
[Result "0-1"]
[WhiteElo "2195"]
[BlackElo "1996"]
[PlyCount "56"]
[EventDate "2023.08.03"]
[EventType "swiss"]
[EventRounds "9"]
[EventCountry "COL"]
[SourceTitle "CBM 215 Extra"]
[Source "ChessBase"]
[SourceDate "2023.09.30"]
[SourceVersion "1"]
[SourceVersionDate "2023.09.30"]
[SourceQuality "1"]

1. e4 c5 2. Nf3 d6 3. d4 cxd4 4. Nxd4 Nf6 5. Nc3 a6 6. Bg5 e6 7. f4 Qb6 8. a3 Nc6 9. Nb3 Be7 10. Be2 Bd7 11. Qd3 Rc8 12. 0-0-0 Qc7 13. Bxf6 gxf6 14. Bh5 b5 15. Nd4 b4 16. axb4 Nxb4 17. Qe2 Qa5 18. Kd2 d5 19. Ra1 Qb6 20. Nf5 exf5 21. exd5 Kf8 22. Rhe1 Bc5 23. Qf3 Bd4 24. Bxf7 Qd6 25. Ra3 Bxc3+ 26. bxc3 Kxf7 27. c4 h5 28. c3 Nc2 0-1

[Event "Medellin Easter op 11th"]
[Site "Medellin"]
[Date "2023.04.08"]
[Round "5"]
[White "Cano, Luis Fernando"]
[Black "Baules Rodriguez, Jorge Luis"]
[Result "0-1"]
[WhiteElo "1961"]
[BlackElo "2287"]
[PlyCount "76"]
[EventDate "2023.04.05"]
[EventType "swiss"]
[EventRounds "7"]
[EventCountry "COL"]
[SourceTitle "CBM 213 Extra"]
[Source "ChessBase"]
[SourceDate "2023.05.31"]
[SourceVersion "1"]
[SourceVersionDate "2023.05.31"]
[SourceQuality "1"]

1. e4 c5 2. Nf3 d6 3. d4 cxd4 4. Nxd4 Nf6 5. Nc3 g6 6. Bc4 Bg7 7. Be3 0-0 8. f3 Nc6 9. Qd2 Bd7 10. 0-0-0 Rc8 11. Bb3 Nxd4 12. Bxd4 b5 13. e5 dxe5 14. Bxe5 Bc6 15. Qxd8 Rfxd8 16. Rxd8+ Rxd8 17. Rd1 Bh6+ 18. Kb1 Rxd1+ 19. Nxd1 Nd5 20. Bd4 a6 21. c4 Nf4 22. Be3 Kg7 23. cxb5 axb5 24. g3 Nd3 25. Bxh6+ Kxh6 26. Bxf7 Ne5 27. Be6 Nxf3 28. h4 Nd4 29. Bg4 Nf5 30. Bxf5 gxf5 31. Kc2 Kh5 32. Ne3 e5 33. Kd2 f4 34. gxf4 exf4 35. Nf5 Bd7 36. Nd6 Kxh4 37. Ke2 Kg3 38. Ne4+ Kg2 0-1

[Event "Medellin Easter op 11th"]
[Site "Medellin"]
[Date "2023.04.06"]
[Round "2"]
[White "Velandia, Wilson"]
[Black "Cano, Luis Fernando"]
[Result "0-1"]
[WhiteElo "1657"]
[BlackElo "1961"]
[PlyCount "40"]
[EventDate "2023.04.05"]
[EventType "swiss"]
[EventRounds "7"]
[EventCountry "COL"]
[SourceTitle "CBM 213 Extra"]
[Source "ChessBase"]
[SourceDate "2023.05.31"]
[SourceVersion "1"]
[SourceVersionDate "2023.05.31"]
[SourceQuality "1"]

1. b4 e5 2. Bb2 d6 3. e3 Nf6 4. c4 Be7 5. Nc3 0-0 6. Be2 a5 7. a3 Nbd7 8. Nf3 Re8 9. d4 e4 10. Nd2 Bf8 11. Qc2 Nb6 12. 0-0 axb4 13. axb4 Rxa1 14. Rxa1 Bf5 15. c5 Nbd5 16. Nxd5 Nxd5 17. Qb3 Nf6 18. Ra7 dxc5 19. bxc5 Bxc5 20. Rxb7 Bb6 0-1

[Event "Medellin Easter op 10th"]
[Site "Medellin"]
[Date "2022.04.17"]
[Round "8"]
[White "Cano, Luis Fernando"]
[Black "Montoya Echeverri, Sebastian"]
[Result "1/2-1/2"]
[WhiteElo "2060"]
[BlackElo "1860"]
[PlyCount "107"]
[EventDate "2022.04.13"]
[EventType "swiss"]
[EventRounds "8"]
[EventCountry "COL"]
[SourceTitle "CBM 207 Extra"]
[Source "ChessBase"]
[SourceDate "2022.05.31"]
[SourceVersion "1"]
[SourceVersionDate "2022.05.31"]
[SourceQuality "1"]

1. e4 g6 2. Nf3 Bg7 3. Nc3 d6 4. h3 Nf6 5. d4 0-0 6. Be2 Nc6 7. 0-0 e5 8. Be3 exd4 9. Nxd4 Re8 10. Nxc6 bxc6 11. Bd3 c5 12. Qd2 Rb8 13. b3 Bb7 14. Bg5 Qd7 15. Rae1 Re7 16. Bb5 c6 17. Bxf6 Bxf6 18. Nd5 Re6 19. Nxf6+ Rxf6 20. Bc4 d5 21. e5 Re6 22. f4 Rbe8 23. Be2 Qc7 24. Bg4 R6e7 25. Qf2 Ba6 26. Be2 Bxe2 27. Rxe2 Qa5 28. Qg3 Qc7 29. Qg5 Re6 30. Rfe1 f6 31. Qg3 fxe5 32. f5 Rf6 33. Rxe5 Rxe5 34. Rxe5 Qf7 35. Qe3 Qg7 36. Re8+ Rf8 37. Qe6+ Qf7 38. Re7 Qxe6 39. fxe6 Rf6 40. a4 a6 41. a5 Kf8 42. Rxh7 Rxe6 43. Ra7 Re1+ 44. Kh2 Ra1 45. Kg3 Rxa5 46. Kg4 d4 47. Kg5 c4+ 48. Kf6 Rf5+ 49. Kxg6 cxb3 50. cxb3 Rf2 51. Rxa6 Rxg2+ 52. Kf6 Rf2+ 53. Ke5 c5 54. Rc6 1/2-1/2

[Event "Medellin Easter op 10th"]
[Site "Medellin"]
[Date "2022.04.14"]
[Round "2"]
[White "Cano, Luis Fernando"]
[Black "Iral Castro, Brahiam"]
[Result "1/2-1/2"]
[WhiteElo "2060"]
[BlackElo "1843"]
[PlyCount "102"]
[EventDate "2022.04.13"]
[EventType "swiss"]
[EventRounds "8"]
[EventCountry "COL"]
[SourceTitle "CBM 207 Extra"]
[Source "ChessBase"]
[SourceDate "2022.05.31"]
[SourceVersion "1"]
[SourceVersionDate "2022.05.31"]
[SourceQuality "1"]

1. e4 e5 2. Nf3 Nc6 3. Bb5 Nf6 4. 0-0 Bc5 5. d3 d6 6. c3 Bb6 7. h3 h6 8. Re1 g5 9. d4 Bd7 10. Nbd2 g4 11. hxg4 Nxg4 12. Nc4 Qf6 13. Nxb6 axb6 14. Be3 Rg8 15. d5 Ne7 16. Bxd7+ Kxd7 17. Nd2 Qh4 18. Nf1 f5 19. f3 Nxe3 20. Rxe3 f4 21. Re2 Rg5 22. Qe1 Qh3 23. Nh2 Rg3 24. Ng4 Qh4 25. Nf2 Rag8 26. Nh1 Qh3 27. Nxg3 Rxg3 28. Rf2 Ng6 29. Kf1 Qh2 30. Rd1 Nh4 31. Rdd2 h5 32. Qd1 Ke7 33. a4 Ng6 34. Ke1 Qg1+ 35. Rf1 Qc5 36. Qe2 Nh4 37. Rf2 Ng6 38. Kd1 h4 39. Kc2 h3 40. gxh3 Nh4 41. b4 Qe3 42. Rd3 Qxe2+ 43. Rxe2 Nxf3 44. Rd1 Ng1 45. Rh2 Nxh3 46. Rf1 Ng5 47. Rh6 Nxe4 48. Rh7+ Kd8 49. Rh8+ Ke7 50. Rh7+ Kd8 51. Rh8+ Ke7 1/2-1/2

[Event "Medellin Raza op 9th"]
[Site "Medellin"]
[Date "2019.10.12"]
[Round "3"]
[White "Cano, Luis Fernando"]
[Black "Sanchez Arroyave, Juan Pablo"]
[Result "1/2-1/2"]
[WhiteElo "2150"]
[BlackElo "1802"]
[PlyCount "41"]
[EventDate "2019.10.11"]
[EventType "swiss"]
[EventRounds "8"]
[EventCountry "COL"]
[SourceTitle "CBM 192 Extra"]
[Source "Chessbase"]
[SourceDate "2019.11.06"]
[SourceVersion "1"]
[SourceVersionDate "2019.11.06"]
[SourceQuality "1"]

1. e4 d5 2. exd5 Qxd5 3. Nc3 Qa5 4. Nf3 Nf6 5. Bc4 Bf5 6. h3 e6 7. 0-0 c6 8. Re1 Bd6 9. Nd4 Bg6 10. Nxe6 fxe6 11. Rxe6+ Be7 12. Qe2 Qd8 13. d4 Bf7 14. Bf4 Bxe6 15. Qxe6 Qd7 16. Qf7+ Kd8 17. Qxg7 Rf8 18. Bg5 Na6 19. d5 Rg8 20. Qf7 Rf8 21. Qg7 1/2-1/2

[Event "Medellin Castro Memorial 36th"]
[Site "Medellin"]
[Date "2019.08.09"]
[Round "5"]
[White "Cano, Luis Fernando"]
[Black "Echavarria, Johann"]
[Result "1/2-1/2"]
[WhiteElo "2152"]
[BlackElo "2274"]
[PlyCount "78"]
[EventDate "2019.08.07"]
[EventType "swiss"]
[EventRounds "9"]
[EventCountry "COL"]
[SourceTitle "EXT 2020"]
[Source "ChessBase"]
[SourceDate "2019.10.17"]
[SourceVersion "1"]
[SourceVersionDate "2019.10.17"]
[SourceQuality "1"]

1. Nf3 d5 2. g3 c5 3. Bg2 Nc6 4. d3 e5 5. 0-0 f6 6. Nbd2 Be6 7. e4 d4 8. Nh4 Qd7 9. f4 0-0-0 10. Ndf3 Bd6 11. a3 Kb8 12. Nf5 Bc7 13. b4 exf4 14. gxf4 Bxf5 15. exf5 Nge7 16. b5 Na5 17. Nh4 Nd5 18. Bxd5 Qxd5 19. Bd2 c4 20. Rb1 c3 21. Be1 Rhe8 22. Bg3 b6 23. Re1 Rxe1+ 24. Qxe1 Qa2 25. Qc1 Bd6 26. Ra1 Qd5 27. a4 Re8 28. Qf1 Nb7 29. Qf3 Qxf3 30. Nxf3 Re2 31. Nxd4 Bc5 32. Kf1 Rd2 33. Nc6+ Kc7 34. Ra2 Nd6 35. Be1 Rxh2 36. d4 Ne4 37. dxc5 Nd2+ 38. Kg1 Nf3+ 39. Kf1 Nd2+ 1/2-1/2

[Event "Medellin Aristizabal Cup"]
[Site "Medellin"]
[Date "2019.06.22"]
[Round "3"]
[White "Fernandez Suarez, Nelson Ivan"]
[Black "Cano, Luis Fernando"]
[Result "0-1"]
[WhiteElo "1606"]
[BlackElo "2148"]
[PlyCount "30"]
[EventDate "2019.06.21"]
[EventType "swiss"]
[EventRounds "7"]
[EventCountry "COL"]
[SourceTitle "EXT 2020"]
[Source "ChessBase"]
[SourceDate "2019.10.17"]
[SourceVersion "1"]
[SourceVersionDate "2019.10.17"]
[SourceQuality "1"]

1. d4 Nf6 2. g3 g6 3. Bg2 Bg7 4. c4 0-0 5. Nc3 c5 6. d5 d6 7. Bf4 a6 8. Qd2 Nbd7 9. Bh6 Ne5 10. Bxg7 Kxg7 11. b3 b5 12. Rd1 h5 13. Ne4 Rb8 14. cxb5 axb5 15. h3 Bf5 0-1

[Event "COL-ch sf1"]
[Site "Medellin"]
[Date "2019.04.18"]
[Round "5"]
[White "Pachon Gutierrez, Adriana Paola"]
[Black "Cano, Luis Fernando"]
[Result "1-0"]
[WhiteElo "1986"]
[BlackElo "2197"]
[PlyCount "59"]
[EventDate "2019.04.16"]
[EventType "swiss"]
[EventRounds "10"]
[EventCountry "COL"]
[SourceTitle "CBM 190 Extra"]
[Source "ChessBase"]
[SourceDate "2019.07.15"]
[SourceVersion "1"]
[SourceVersionDate "2019.07.15"]
[SourceQuality "1"]

1. b3 d6 2. Bb2 Nf6 3. e3 g6 4. f4 Bg7 5. Nf3 0-0 6. Be2 c5 7. 0-0 Nc6 8. Qe1 e5 9. Qh4 Nh5 10. fxe5 dxe5 11. Qxd8 Rxd8 12. Ng5 Nf6 13. Bc4 Rf8 14. Nc3 Na5 15. Bxf7+ Rxf7 16. Nxf7 Kxf7 17. Ne4 Nc6 18. Nxc5 Kg8 19. d4 Nd5 20. e4 Ne3 21. d5 Nd4 22. Rf2 b6 23. Nd3 Nexc2 24. Rc1 Ba6 25. Rfxc2 Nxc2 26. Nxe5 Nb4 27. Rc7 Rf8 28. Rxg7+ Kxg7 29. Nd7+ Kf7 30. Nxf8 1-0

[Event "COL-ch sf1"]
[Site "Medellin"]
[Date "2019.04.17"]
[Round "3"]
[White "Caicedo, Carlos Andres"]
[Black "Cano, Luis Fernando"]
[Result "1-0"]
[WhiteElo "1985"]
[BlackElo "2197"]
[PlyCount "49"]
[EventDate "2019.04.16"]
[EventType "swiss"]
[EventRounds "10"]
[EventCountry "COL"]
[SourceTitle "CBM 190 Extra"]
[Source "ChessBase"]
[SourceDate "2019.07.15"]
[SourceVersion "1"]
[SourceVersionDate "2019.07.15"]
[SourceQuality "1"]

1. e4 c5 2. Nf3 d6 3. d4 cxd4 4. Nxd4 Nf6 5. Nc3 a6 6. Be3 e5 7. Nb3 Be6 8. f3 Be7 9. Qd2 Nbd7 10. 0-0-0 0-0 11. g4 Nb6 12. g5 Nfd7 13. h4 Rc8 14. Kb1 Nc4 15. Bxc4 Rxc4 16. h5 Qc7 17. Rdg1 Rc8 18. g6 Nf6 19. Qg2 Ne8 20. gxh7+ Kxh7 21. Bh6 Bf6 22. Bxg7 Nxg7 23. h6 Nf5 24. exf5 Bxf5 25. Qg7+ 1-0

[Event "COL-chB U2200"]
[Site "Antioquia"]
[Date "2018.12.08"]
[Round "4"]
[White "Cano, Luis Fernando"]
[Black "Castaneda Jimenez, Jhon David"]
[Result "0-1"]
[WhiteElo "2219"]
[BlackElo "2184"]
[PlyCount "64"]
[EventDate "2018.12.06"]
[EventType "swiss"]
[EventRounds "7"]
[EventCountry "COL"]
[SourceTitle "CBM 190 Extra"]
[Source "ChessBase"]
[SourceDate "2019.07.15"]
[SourceVersion "1"]
[SourceVersionDate "2019.07.15"]
[SourceQuality "1"]

1. e4 c5 2. Nf3 Nc6 3. d4 cxd4 4. Nxd4 Nf6 5. Nc3 d6 6. Bc4 Qb6 7. Nb3 e6 8. Be3 Qc7 9. Be2 a6 10. a4 b6 11. g4 Nb4 12. g5 Nd7 13. f4 Bb7 14. f5 exf5 15. 0-0 fxe4 16. Bd4 Ne5 17. a5 b5 18. Qd2 d5 19. Rf5 Nc4 20. Bxc4 bxc4 21. Re5+ Be7 22. Nxe4 0-0 23. Nf6+ Kh8 24. Rae1 Nc6 25. Qe3 Nxe5 26. Bxe5 Qc8 27. Bd4 Bxf6 28. gxf6 Qg4+ 29. Kh1 g6 30. Qh6 Rg8 31. Re3 cxb3 32. Rh3 Qe4+ 0-1

[Event "COL-chB U2200"]
[Site "Antioquia"]
[Date "2018.12.06"]
[Round "1"]
[White "Cano, Luis Fernando"]
[Black "Nieto Medina, Agustin"]
[Result "1-0"]
[WhiteElo "2219"]
[BlackElo "2110"]
[PlyCount "41"]
[EventDate "2018.12.06"]
[EventType "swiss"]
[EventRounds "7"]
[EventCountry "COL"]
[SourceTitle "CBM 190 Extra"]
[Source "ChessBase"]
[SourceDate "2019.07.15"]
[SourceVersion "1"]
[SourceVersionDate "2019.07.15"]
[SourceQuality "1"]

1. e4 c5 2. Nf3 g6 3. d4 cxd4 4. Nxd4 Bg7 5. Nc3 Nc6 6. Be3 Nf6 7. Bc4 0-0 8. Bb3 Qa5 9. f3 d5 10. exd5 Nb4 11. Qd2 Rd8 12. 0-0-0 Rd7 13. Kb1 Qd8 14. Ba4 Rd6 15. Ncb5 Ra6 16. Qxb4 Nxd5 17. Qb3 Nxe3 18. Qxe3 Rxa4 19. Nc6 Qb6 20. Rd8+ Bf8 21. Qxe7 1-0

[Event "Medellin Raza op 7th"]
[Site "Medellin"]
[Date "2017.10.19"]
[Round "3"]
[White "Cano, Luis Fernando"]
[Black "Restrepo Loaiza, Luis Fernando"]
[Result "1/2-1/2"]
[WhiteElo "2272"]
[BlackElo "2161"]
[PlyCount "21"]
[EventDate "2017.10.18"]
[EventType "swiss"]
[EventRounds "9"]
[EventCountry "COL"]
[SourceTitle "CBM 181 Extra"]
[Source "ChessBase"]
[SourceDate "2017.12.12"]
[SourceVersion "1"]
[SourceVersionDate "2017.12.12"]
[SourceQuality "1"]

1. Nf3 g6 2. g3 Bg7 3. Bg2 c5 4. 0-0 Nc6 5. d3 d6 6. e4 Rb8 7. h3 b5 8. Nc3 b4 9. Nd5 e6 10. Ne3 e5 11. Nc4 1/2-1/2

[Event "Medellin Flores op 24th"]
[Site "Medellin"]
[Date "2017.08.07"]
[Round "8"]
[White "Cano, Luis Fernando"]
[Black "Zuluaga Mancilla, Cesar"]
[Result "1-0"]
[WhiteElo "2225"]
[BlackElo "2305"]
[PlyCount "41"]
[EventDate "2017.08.03"]
[EventType "swiss"]
[EventRounds "9"]
[EventCountry "COL"]
[SourceTitle "CBM 179 Extra"]
[Source "ChessBase"]
[SourceDate "2017.08.23"]
[SourceVersion "1"]
[SourceVersionDate "2017.08.23"]
[SourceQuality "1"]

1. e4 c5 2. Nf3 e6 3. d4 cxd4 4. Nxd4 a6 5. Bd3 d6 6. c4 Nf6 7. Nc3 Qc7 8. 0-0 Nc6 9. Nf3 Be7 10. Bf4 0-0 11. Rc1 Ne5 12. Nxe5 dxe5 13. Be3 Rd8 14. Na4 Qc6 15. Nb6 Rb8 16. Nxc8 Rbxc8 17. Bg5 Rd4 18. Qe2 Qd7 19. Bb1 Ne8 20. Be3 Rd6 21. f3 1-0

[Event "Medellin Flores op 24th"]
[Site "Medellin"]
[Date "2017.08.06"]
[Round "6"]
[White "Torres, Juan Camilo"]
[Black "Cano, Luis Fernando"]
[Result "1/2-1/2"]
[WhiteElo "2307"]
[BlackElo "2225"]
[PlyCount "50"]
[EventDate "2017.08.03"]
[EventType "swiss"]
[EventRounds "9"]
[EventCountry "COL"]
[SourceTitle "CBM 179 Extra"]
[Source "ChessBase"]
[SourceDate "2017.08.23"]
[SourceVersion "1"]
[SourceVersionDate "2017.08.23"]
[SourceQuality "1"]

1. d4 Nf6 2. Nf3 g6 3. c4 Bg7 4. Nc3 0-0 5. g3 d6 6. Bg2 c6 7. 0-0 Nbd7 8. e4 e5 9. h3 a6 10. a4 Qc7 11. Be3 Re8 12. Qc2 Nf8 13. a5 Nh5 14. Rfd1 f5 15. dxe5 dxe5 16. Bc5 Qf7 17. Na4 Ne6 18. Bd6 fxe4 19. Qxe4 Nd4 20. Nxe5 Bxe5 21. Bxe5 Nb3 22. Nb6 Bf5 23. Qe3 Nxa1 24. Rxa1 Rad8 25. g4 Rd3 1/2-1/2

[Event "American Continental 13th"]
[Site "Medellin"]
[Date "2017.06.13"]
[Round "5"]
[White "Fuentes Godoy, Lilia Ivonne"]
[Black "Cano, Luis Fernando"]
[Result "0-1"]
[WhiteElo "2088"]
[BlackElo "2264"]
[PlyCount "70"]
[EventDate "2017.06.10"]
[EventType "swiss"]
[EventRounds "11"]
[EventCountry "COL"]
[SourceTitle "CBM 178 Extra"]
[Source "ChessBase"]
[SourceDate "2017.06.22"]
[SourceVersion "1"]
[SourceVersionDate "2017.06.22"]
[SourceQuality "1"]

1. d4 Nf6 2. c4 g6 3. Nc3 Bg7 4. e4 d6 5. Be2 0-0 6. Bg5 c6 7. Qd2 a6 8. a4 Nbd7 9. f3 e5 10. d5 Nc5 11. Ra3 a5 12. g4 h6 13. Bxh6 Nfxe4 14. Nxe4 Qh4+ 15. Kd1 Bxh6 16. Qe1 Qe7 17. h4 f5 18. Nxc5 dxc5 19. g5 Bg7 20. Kc1 e4 21. f4 Qd6 22. Qg3 cxd5 23. h5 Rd8 24. h6 Bh8 25. h7+ Kf7 26. Nh3 d4 27. Nf2 d3 28. Nxd3 exd3 29. Rxd3 Qb6 30. Rb3 Qc6 31. Re1 Qxa4 32. Kb1 Ra6 33. Bf1 Rdd6 34. Qf3 b6 35. Qe3 Re6 0-1

[Event "American Continental 13th"]
[Site "Medellin"]
[Date "2017.06.12"]
[Round "4"]
[White "Cano, Luis Fernando"]
[Black "Dominguez Rincon, Miller Duvan"]
[Result "1/2-1/2"]
[WhiteElo "2264"]
[BlackElo "2066"]
[PlyCount "72"]
[EventDate "2017.06.10"]
[EventType "swiss"]
[EventRounds "11"]
[EventCountry "COL"]
[SourceTitle "CBM 178 Extra"]
[Source "ChessBase"]
[SourceDate "2017.06.22"]
[SourceVersion "1"]
[SourceVersionDate "2017.06.22"]
[SourceQuality "1"]

1. e4 e5 2. Nf3 Nc6 3. Bb5 a6 4. Ba4 Nf6 5. d3 d6 6. 0-0 b5 7. Bb3 Na5 8. h3 Be7 9. Nc3 0-0 10. Ne2 h6 11. Ng3 Re8 12. Nh2 Nxb3 13. axb3 d5 14. Qe2 Bb7 15. Ng4 Bf8 16. f4 dxe4 17. fxe5 exd3 18. cxd3 Nxg4 19. Qxg4 Re6 20. Qf5 Bc5+ 21. Kh2 Qd5 22. Qxf7+ Kh8 23. Qf3 Rxe5 24. Ne4 Rf8 25. Bf4 Bd4 26. Qe2 Ref5 27. Bxc7 Qf7 28. Rfc1 Qg6 29. Bg3 Rf2 30. Bxf2 Rxf2 31. Qg4 Qxg4 32. hxg4 Rxb2 33. Rab1 Ra2 34. Rd1 a5 35. Rd2 Ra3 36. Kh3 Bd5 1/2-1/2